Countries without Tripoints - Statistics

General Stats
  • This quiz has been taken 173 times
  • The average score is 5 of 6
Answer Stats
# Country % Correct
2 United States
84%
3 Indonesia
81%
3 Malaysia
78%
2 Panama
74%
2 Costa Rica
72%
2 Nicaragua
69%
No matching quizzes found
Score Distribution
Percent of People with Each Score
Percentile by Number Answered
Your Score History
You have not taken this quiz